| 000 | 00475nam a22001457a 4500 | ||
|---|---|---|---|
| 008 | 220407b |||||||| |||| 00| 0 eng d | ||
| 020 | _a0394745035. | ||
| 050 | _aQA7.M3447 1980 | ||
| 100 |
_a((ed) by Steen,Lynn Arthur _951284 |
||
| 245 |
_aMathematics today twelve informal essays _cLynn Arthur Steen |
||
| 260 |
_aNew York: _bVintage Books, _c1978. |
||
| 300 |
_aviii, _b367p.; _c20cm. |
||
| 650 |
_aMathematics _xAdresses,essays,lecturers. _951285 |
||
| 942 |
_2lcc _cMONOGRAPH |
||
| 999 |
_c131283 _d131283 |
||